000 00763nam a2200205 4500
008 171214b xxu||||| |||| 00| 0 eng d
020 _a9780130100764
082 _21998
_aDC 808.0427
_bR54
100 _925197
_aRoberts, Edgar V., author.
245 _aLiterature :
_b an introduction to reading and writing /
_cEdgar V. Roberts, Henry E. Jacobs.
250 _aCompact edition.
260 _aUpper Saddle River, N.J. :
_bPrentice Hall,
_c©1998.
300 _axliii, 1472 pages:
_b illustrations ;
_c23 cm.
500 _aIncludes bibliographical references and index.
650 0 _925198
_aLiterature
650 0 _925199
_aExposition (Rhetoric)
650 0 _925200
_a Literature
_xCollections
700 _925201
_aJacobs, Henry E., author.
942 _2ddc
_cDC
999 _c8140
_d8140